000 00427nam a22001697a 4500
003 OSt
008 241004b |||||||| |||| 00| 0 eng d
020 _a9788119131983
041 _amal
082 _a079.5483
_bABO/DE
100 _aAboobacker, P.P.
_96283
245 _aDesabhimani charithram /
260 _aThiruvananthapuram :
_bChintha Publishers,
_c2023.
300 _a504p.
650 _aJournalism
_96284
942 _cBK
999 _c18111
_d18111